• 首页
  • 本馆介绍
  • 公告通知
  • 最新文献
  • 馆藏检索
  • 电子资源
  • 读者导购
  • 参考咨询
  • 我的图书馆
  • 登录
  • 详细信息显示
  • 放入我的书架
  • 预约/预借图书
  • 作者相关作品
  • 分类相关作品
  • 丛书相关作品
  • 出版社相关作品

书目信息

  • 表格格式
  • 工作单格式
  • 卡片格式
题名:
印度对华战争
    
 
作者: 马克斯韦尔 著 ;陆仁 译
分册:  
出版信息: 北京   世界知识出版社  1981.3
页数: 501,503-539,540-557页
开本: 19cm
丛书名:
单 册:
中图分类: D823
科图分类:
主题词: 中外关系--国际关系史--印度
电子资源:
ISBN:
000 00700nam0 2200229 45
001 0305211409
005 20051101141449.32
010    @dCNY1.45
091    @a3003.1625
100    @a20030521d1981 km y0chiy0120 ea
101 0  @achi
105    @ab z 000yy
200 1  @a印度对华战争@AYin Du Dui Hua Zhan Zheng@f(澳大利亚)内维尔·马克斯韦尔著@F(Ao Da Li Ya)Nei Wei Er·Ma Ke Si Wei Er Zhu@g陆仁译
210    @a北京@c世界知识出版社@d1981.3
215    @a501,503-539,540-557页@d19cm
300    @a附录:注解,参考书目
606 0  @a中外关系@x国际关系史@y印度
690    @aD823@v3
701  0 @a马克斯韦尔@4著
702  0 @a陆仁@ALu Ren@4译
801    @aCN@bTSTC@c20051101
905    @dD823@e40@f1@b154535
    
    印度对华战争/(澳大利亚)内维尔·马克斯韦尔著/陆仁译.-北京:世界知识出版社,1981.3
    501,503-539,540-557页;19cm
    附录:注解,参考书目
    
    ISBN :CNY1.45
    
●
相关链接 在E读中查询图书 在五车中查询图书 在当当中查询图书 在豆瓣中查询图书


正题名:印度对华战争     索取号:D823/40         预约/预借

序号 登录号 条形码 馆藏地/架位号 状态 备注
1 0216083   001023788   第一借阅区/ [索取号:D823/40] 在馆    
唐山师范学院图书馆 欢迎您!
大连网信软件有限公司© 版权所有